banner-ar

الواحات الداخلة : (Record no. 62246)

MARC details
000 -الفاتح
حقل البيانات ثابتة الطول 00982nam a2200229 4500
005 - وقت وتاريخ اخر تعامل مع التسجيلة
رقم الضبط 20240530110540.0
008 - عناصر البيانات ثابتة الطول - معلومات عامة
حقل البيانات ثابتة الطول 160507s2013 ua a|||f b|||f00| 0 a d
020 ## - الرقم الدولى المعيارى للكتب
الرقم الدولى المعيارى للكتاب 9789774481536
040 ## - مصدر الفهرسة
وكالة الفهرسة الأصلية EG-CaGPL
082 04 - رقم تصنيف ديوى العشرى
رقم التصنيف 390.096226
رقم المادة ق/ع و
رقم الطبعة 21
100 0# - المدخل الرئيسى - إسم شخصى
الإسم الشخصى عبدالوهاب حنفي
245 12 - بيان العنوان
العنوان الواحات الداخلة :
بقية العنوان دراسة في التاريخ الثقافي والمأثورات الشعبية /
بيان المسئوليه,etc تأليف عبدالوهاب حنفي.
260 ## - PUBLICATION, DISTRIBUTION, ETC. (IMPRINT)
تاريخ النشر أو التوزيع 2013.
300 ## - الوصف المادى
التعداد 339 ص. :
تفاصيل ماديه اخرى للوعاء ايض. ؛
أبعاد الوعاء 24 سم.
490 0# - بيان السلسلة
عنوان السلسلة سلسلة الثقافة الشعبية ؛
رقم المجلد/ التعيين التسلسلي 5.
504 ## - تبصرة ببليوجرافية
تبصرة ببليوجرافية,الخ ببليوجرافية : ص. 337-339.
650 04 - المدخل الاضافى بالموضوع-مصطلح موضوعى
مصطلح موضوعي الفولكلور المصري
651 04 - المدخل الاضافى بالموضوع - اسم جغرافى
الاسم الجغرافي الواحات الداخلة
التقسيم الفرعي العام العادات والتقاليد
651 04 - المدخل الاضافى بالموضوع - اسم جغرافى
الاسم الجغرافي الواحات الداخلة
التقسيم الفرعي العام تاريخ
942 ## - عناصر المدخل الإضافي( كوها)
مصدر التصنيف او مخطط الترفيف Dewey Decimal Classification
Koha [default] item type كتاب
260 ## - PUBLICATION, DISTRIBUTION, ETC. (IMPRINT)
-- القاهرة :
-- الهيئة المصرية العامة للكتاب،
Holdings
حالة التراجع حالة الفقد حالة تلف ليس للاعارة المكان المؤقت الموقع الحالى تاريخ الاكتساب اجمالي اﻻعارات رقم الطلب الباركود تاريخ اخر مشاهدة تاريخ تفعيل السعر نوع وعاء كوها
        مكتبة القاهرة الكبرى مكتبة القاهرة الكبرى 05/07/2016   390.096226 ق/ع و 161910 05/07/2016 05/07/2016 كتاب
        مكتبة القاهرة الكبرى مكتبة القاهرة الكبرى 05/07/2016   390.096226 ق/ع و 161911 05/07/2016 05/07/2016 كتاب

Powered By

EGPV